000 00626cam a2200205 4500500
005 20260329004342.0
041 _afre
042 _adc
100 1 0 _aLegros, Martin
_eauthor
245 0 0 _aVirginie Efira, Michaël Fœssel. Transports en commun
260 _c2019.
500 _a90
690 _aDiderot
690 _aÉmotion
690 _aImpassibilité
690 _aMichaël Fœssel
690 _aVirginie Efira
786 0 _nPhilosophie magazine | 132 | 9 | 2019-09-01 | p. 33-35 | 1951-1787
856 4 1 _uhttps://shs.cairn.info/magazine-philosophie-magazine-2019-9-page-33?lang=fr&redirect-ssocas=7080
999 _c1833077
_d1833077